UK Towns Quiz - Cambridgeshire - Extreme - Statistics

General Stats
  • This quiz has been taken 164 times
  • The average score is 28 of 97
Answer Stats
Clue Population Name of Town % Correct
C 152,725 Cambridge
99%
P 190,584 Peterborough
98%
E 19,189 Ely
83%
H 25,600 Huntingdon
79%
S 16,815 St Ives
76%
M 21,354 March
71%
W 26,785 Wisbech
69%
S 33,261 St Neots
68%
C 11,078 Cambourne
54%
S 10,613 Soham
52%
W 5,375 Waterbeach
47%
W 13,823 Whittlesey
47%
C 11,011 Chatteris
46%
G 7,721 GodManchester
45%
H 7,781 Histon
43%
S 7,268 Sawston
42%
L 9,168 Littleport
39%
Y 9,405 Yaxley
39%
L 4,464 Linton
38%
M 4,156 Milton
37%
D 2,218 Duxford
36%
G 4,387 Girton
36%
R 5,726 Ramsey
36%
S 2,744 Swavesey
36%
F 3,735 Fulbourn
35%
W 4,323 Warboys
35%
B 3,899 Bar Hill
33%
C 6,154 Cottenham
33%
G 6,160 Great Shelford
31%
O 2,895 Over
31%
M 2,639 Manea
30%
M 1,824 Meldreth
30%
F 1,278 Foxton
29%
G 2,920 Gamlingay
29%
L 5,273 Longstanton
29%
M 4,895 Melbourn
29%
W 1,609 Whittlesford
29%
B 5,912 Burwell
28%
S 5,871 Sawtry
28%
B 2,351 Bassingbourn
26%
E 5,413 Eye
26%
F 2,566 Fordham
26%
O 1,499 Oakington
26%
C 2,250 Comberton
25%
F 3,015 Fenstanton
25%
W 3.917 Willingham
25%
A 1,464 Alconbury
24%
B 1,185 Barrington
24%
B 1,987 Bottisham
24%
P 3,820 Papworth Everard
24%
W 2,389 Witchford
24%
I 2,284 Isleham
23%
S 3,883 Sutton
23%
K 1,056 Kimbolton
22%
B 2,753 Buckden
21%
E 1,654 Earith
21%
B 6,584 Brampton
20%
H 1,531 Haslingfield
20%
S 3,348 Somersham
20%
H 3,050 Haddenham
19%
H 2,658 Hardwick
19%
H 1,826 Harston
19%
H 3,373 Hemingford Grey
19%
T 1,655 Thorney
19%
S 2,370 Stilton
18%
B 1,623 Balsham
17%
D 4,273 Doddington
17%
H 1,361 Houghton
17%
N 2,060 Needingworth
17%
S 2,066 Stretham
17%
B 2,791 Bluntisham
16%
G 1,001 Great Paxton
16%
H 1,251 Helpston
16%
H 1,318 Hauxton
15%
O 1,146 Orwell
15%
F 1,295 Fowlmere
14%
H 1,053 Hilton
14%
L 1,237 Little Downham
14%
L 4,033 Little Paxton
14%
W 1,250 Wyton
14%
B 1,752 Bury
13%
B 1,145 Benwick
12%
C 1,460 Castor
12%
F 1,594 Farcet
12%
L 1,694 Leverington
12%
W 1,069 Wisbech St Mary
12%
B 1,008 Barnack
11%
C 2,315 Coates
11%
G 1,070 Gorefield
11%
H 2,050 Highfields Caldecote
11%
F 1,412 Friday Bridge
10%
G 1,745 Glinton
10%
N 1,463 Newborough
9%
N 1,337 Northborough
9%
P 1,198 Parson Drove
9%
W 2,675 Wittering
9%
A 1,221 Alconbury Weald
7%
No matching quizzes found
Score Distribution
Percent of People with Each Score
Percentile by Number Answered
Your Score History
You have not taken this quiz